000 00925nam a2200193Ii 4500
003 JO-AjNU
008 230605s9999||||xx |||||||||||||| ||und||
040 _aJO-AjNU
_bara
_erda
_cJO-AjNU
041 _aara
050 1 4 _aDS154.16.P64.C66 2012
100 3 _aAbudayehK ،Sead,
_eauthor
_950207
245 0 0 _aمظاهر التعاون وتبادل خبرة الاصلاح(بولندا-الاردن-الإتحاد الأوروبي) = Poland -Jordan -Euroean Union Aspects of cooperation and mutual experiences of reforms
264 3 1 _aعمان: الجامعة الاردنية، 2012
300 _a62ص باللغة العربية/174ص باللغة الانجليزية
_bصور توضيحية
336 _atext
_btxt
_2rdacontent
337 _aunmediated
_bn
_2rdamedia
338 _avolume
_bnc
_2rdacarrier
650 4 _aالاردن-بولندا- الاتحاد الاوروبي-تاريخ-خبرة الاصلاخ
_950208
999 _aA22102
_c25670
_d25670